| 000 | 00372nam a22001337a 4500 | ||
|---|---|---|---|
| 008 | 140124b xxu||||| |||| 00| 0 eng d | ||
| 050 | _aSPC PL8593.T45 | ||
| 100 |
_aThomson, T. D. _97077 |
||
| 245 | _aA Practical approach to Chinyanja | ||
| 260 |
_aZomba _bGovernment Printer _c1952 |
||
| 300 |
_a63p. _c21cm |
||
| 650 |
_aNyanja language _97078 |
||
| 942 |
_2lcc _cMONOGRAPH |
||
| 999 |
_c119696 _d119696 |
||